000 00312nam a22001217a 4500
008 170801b xxu||||| |||| 00| 0 eng d
041 _ager
080 _a004
100 _a32
101 _aSHK
245 _aKINDERPORNOGRAPHIE, JUGENDSCHUTZ UNDPROVIDERVERANTWORTLICHKEIT IM INTERNET
_cSIEBER,U
942 _2udc
_cBK
999 _c22433
_d22433